[Event "Irish Championship 2019"]
[Site "Dublin IRL"]
[Date "2019.08.08"]
[Round "6.6"]
[White "Quinn, Mark"]
[Black "Daly, Colm"]
[Result "0-1"]
[WhiteTitle "IM"]
[BlackTitle "FM"]
[WhiteElo "2383"]
[BlackElo "2213"]
[WhiteICU "2318"]
[BlackICU "2194"]
[WhiteClub "Kilkenny"]
[BlackClub "Bray/Greystones"]
[WhiteNationality "IRL"]
[BlackNationality "IRL"]
[WhiteFideId "2500450"]
[BlackFideId "2500434"]
[PlyCount "80"]
[Venue "Talbot Hotel, Stillorgan"]
[EventDate "2019.08.03"]

{ Event information: <a
href="http://www.irlchess.com/pairings_irlch2019.html">Tournament
report</a>. }

1. d4 Nf6 2. c4 g6 3. Nc3 Bg7 4. Bf4 O-O 5. Qd2 d6 6. h4 Nc6 7. Nf3 Bg4 8.
d5 Bxf3 9. exf3 e5 10. Bg5 Nd4 11. h5 c5 12. Bd3 a6 13. Kf1 b5 14. Re1 Qd7
15. h6 Bh8 16. f4 Ne8 17. fxe5 dxe5 18. f4 f6 19. Bh4 Nd6 20. b3 Rae8 21.
Bf2 f5 22. fxe5 Bxe5 23. Kg1 Bf6 24. Rxe8 Rxe8 25. Rh3 Nf7 26. Ne2 Nxe2+
27. Bxe2 Ng5 28. Re3 Ne4 29. Rxe4 Rxe4 30. Bxc5 Qc7 31. Bf2 Qe5 32. Bf3
Qa1+ 33. Qd1 Qxd1+ 34. Bxd1 bxc4 35. bxc4 Rxc4 36. Bb3 Rc1+ 37. Kh2 Be5+
38. g3 Kf8 39. Kg2 Ke7 40. Be3 Rc3 0-1

[Event "Irish Championship 2019"]
[Site "Dublin IRL"]
[Date "2019.08.08"]
[Round "6.7"]
[White "Byrne, Alex"]
[Black "Li, Henry"]
[Result "0-1"]
[BlackTitle "FM"]
[WhiteElo "1963"]
[BlackElo "2287"]
[WhiteICU "1905"]
[BlackICU "2248"]
[WhiteClub "St. Benildus"]
[BlackClub "Gonzaga"]
[WhiteNationality "IRL"]
[BlackNationality "IRL"]
[WhiteFideId "2508788"]
[BlackFideId "2508524"]
[PlyCount "50"]
[Venue "Talbot Hotel, Stillorgan"]
[EventDate "2019.08.03"]

{ Event information: <a
href="http://www.irlchess.com/pairings_irlch2019.html">Tournament
report</a>. }

1. e4 e5 2. Nc3 Nf6 3. f4 d5 4. Nf3 dxe4 5. Nxe5 Bc5 6. d3 exd3 7. Nxd3 Bd6
8. Be2 O-O 9. O-O Bf5 10. g4 Bxd3 11. Bxd3 c6 12. g5 Bc5+ 13. Kg2 Nd5 14.
Ne4 Nd7 15. Qh5 g6 16. Qh6 Re8 17. Nxc5 Nxc5 18. f5 Nxd3 19. f6 Re2+ 20.
Kf3 Nxf6 21. gxf6 Qxf6+ 22. Kxe2 Nxc1+ 23. Qxc1 Re8+ 24. Kd3 Qd6+ 25. Kc3
Re4 0-1

[Event "Irish Championship 2019"]
[Site "Dublin IRL"]
[Date "2019.08.08"]
[Round "6.8"]
[White "Delaney, Killian"]
[Black "Kanyamarala, Trisha"]
[Result "1-0"]
[WhiteElo "2247"]
[BlackElo "2238"]
[WhiteICU "2214"]
[BlackICU "1990"]
[WhiteClub "Gonzaga"]
[WhiteNationality "IRL"]
[BlackNationality "IRL"]
[WhiteFideId "2501570"]
[BlackFideId "45004722"]
[PlyCount "103"]
[Venue "Talbot Hotel, Stillorgan"]
[EventDate "2019.08.03"]

{ Event information: <a
href="http://www.irlchess.com/pairings_irlch2019.html">Tournament
report</a>. }

1. c4 e5 2. Nc3 Bb4 3. Nd5 Bc5 4. e3 Nf6 5. Nc3 Nc6 6. a3 a5 7. g4 h6 8.
Bg2 Be7 9. d4 exd4 10. exd4 d6 11. h3 Nd7 12. Nf3 Nb6 13. d5 Ne5 14. Nxe5
dxe5 15. Be3 Nd7 16. Ne4 Nf6 17. Qc2 Nxe4 18. Bxe4 Rb8 19. Qa4+ b5 20. cxb5
Bd7 21. Bd3 Ra8 22. Qe4 Bd6 23. Rc1 Qe7 24. Rxc7 Bxc7 25. d6 Qxd6 26. Qxa8+
Ke7 27. Qe4 Rb8 28. O-O Bc8 29. Rc1 Bb7 30. Qc4 Bb6 31. Bxb6 Qxb6 32. Qc7+
Qxc7 33. Rxc7+ Kd6 34. Rxf7 g5 35. b4 axb4 36. axb4 Bd5 37. Rf6+ Kc7 38.
Rxh6 Ra8 39. Ra6 Rh8 40. Bf1 Rg8 41. Bg2 e4 42. Kh2 Rf8 43. Kg3 Bb7 44. Rg6
Rd8 45. b6+ Kc8 46. Rxg5 Rd3+ 47. Kh2 Rd2 48. Rf5 e3 49. Bxb7+ Kxb7 50. Kg2
Kxb6 51. Kf1 exf2 52. Rxf2 1-0

[Event "Irish Championship 2019"]
[Site "Dublin IRL"]
[Date "2019.08.08"]
[Round "6.9"]
[White "O'Connor, Jonathan"]
[Black "Carroll, Peter"]
[Result "0-1"]
[WhiteElo "2165"]
[BlackElo "2062"]
[WhiteICU "2099"]
[BlackICU "2035"]
[WhiteClub "Dublin"]
[BlackClub "Gonzaga"]
[WhiteNationality "IRL"]
[BlackNationality "IRL"]
[WhiteFideId "2501112"]
[BlackFideId "2510243"]
[PlyCount "90"]
[Venue "Talbot Hotel, Stillorgan"]
[EventDate "2019.08.03"]

{ Event information: <a
href="http://www.irlchess.com/pairings_irlch2019.html">Tournament
report</a>. }

1. d4 Nf6 2. Nf3 g6 3. c4 Bg7 4. Nc3 O-O 5. e4 d6 6. Be2 e5 7. O-O Nc6 8.
d5 Ne7 9. Ne1 Nd7 10. Be3 f5 11. f3 f4 12. Bf2 g5 13. Rc1 Ng6 14. c5 Nxc5
15. b4 Na6 16. Nd3 b6 17. Nb5 Rf7 18. Be1 h5 19. Nf2 Bh6 20. Rc4 Nh4 21. h3
Rg7 22. Qb3 Kh8 23. Qc3 c5 24. dxc6 Nc7 25. Nxc7 Qxc7 26. b5 a5 27. Qd3 Be6
28. Rc2 Rg6 29. Nd1 Rag8 30. Nc3 Nxg2 31. Kxg2 g4 32. hxg4 hxg4 33. Rh1
gxf3+ 34. Kxf3 Rg3+ 35. Bxg3 Rxg3+ 36. Kf2 Qg7 37. Qxd6 $2 (37. Bf3 $18 { ,
e.g. } 37... Bg4 38. Ne2) 37... Rg2+ 38. Ke1 Qg3+ 39. Kd1 $2 (39. Kd2 Qe3+
40. Ke1 Qf2+ 41. Kd2 $10) 39... Rg1+ $19 40. Bf1 Rxh1 41. Kc1 Rxf1+ 42. Kb2
Qh3 43. Nd5 $2 (43. c7 $19) 43... Bxd5 44. Qxd5 Bf8 45. Rc3 Ba3+ 0-1

[Event "Irish Championship 2019"]
[Site "Dublin IRL"]
[Date "2019.08.08"]
[Round "6.10"]
[White "Mirza, Diana"]
[Black "Murray, David"]
[Result "0-1"]
[WhiteTitle "WFM"]
[WhiteElo "1973"]
[BlackElo "2126"]
[WhiteICU "1986"]
[BlackICU "2121"]
[WhiteClub "St. Michaels"]
[BlackClub "Gonzaga"]
[WhiteNationality "IRL"]
[BlackNationality "IRL"]
[WhiteFideId "2503999"]
[BlackFideId "2501511"]
[PlyCount "30"]
[Venue "Talbot Hotel, Stillorgan"]
[EventDate "2019.08.03"]

{ Event information: <a
href="http://www.irlchess.com/pairings_irlch2019.html">Tournament
report</a>. }

1. e4 c5 2. c4 Nc6 3. Nc3 g6 4. g3 Bg7 5. Bg2 e6 6. Nge2 Nge7 7. O-O O-O 8.
d3 a6 9. Be3 Nd4 10. f4 Rb8 11. a4 Nec6 12. e5 d6 13. Ne4 dxe5 14. Nxc5 $2
(14. fxe5 $15) 14... Nf5 15. Bc1 $2 Qb6 0-1

[Event "Irish Championship 2019"]
[Site "Dublin IRL"]
[Date "2019.08.08"]
[Round "6.11"]
[White "O'Connell, Gerard"]
[Black "Melaugh, Gavin"]
[Result "1/2-1/2"]
[WhiteElo "2106"]
[BlackElo "2025"]
[WhiteICU "2052"]
[BlackICU "2102"]
[WhiteClub "St. Benildus"]
[BlackClub "T.C.D."]
[WhiteNationality "IRL"]
[BlackNationality "IRL"]
[WhiteFideId "2500493"]
[BlackFideId "2509571"]
[PlyCount "90"]
[Venue "Talbot Hotel, Stillorgan"]
[EventDate "2019.08.03"]

{ Event information: <a
href="http://www.irlchess.com/pairings_irlch2019.html">Tournament
report</a>. }

1. d4 e6 2. c4 f5 3. Nf3 Nf6 4. g3 Bb4+ 5. Bd2 Bxd2+ 6. Nbxd2 O-O 7. Bg2 d6
8. O-O Nc6 9. Qb3 a5 10. d5 a4 11. Qd3 exd5 12. cxd5 Nb4 13. Qc4 Nbxd5 14.
Ng5 c6 15. e4 Nxe4 16. Ngxe4 fxe4 17. Bxe4 Be6 18. Rae1 Qg5 19. Nf3 Qh5 20.
Nd4 Bf7 21. Nf5 Ne3 22. Qd3 Nxf1 23. Kxf1 Bxa2 24. Ne7+ Kh8 25. Bxh7 Bc4
26. Qxc4 Qxh7 27. Qg4 Rf6 28. h4 Raf8 29. f4 Qd3+ 30. Kg2 Qh7 31. h5 Rd8
32. Ng6+ Kg8 33. Re7 d5 34. Qe2 Rdf8 35. Nxf8 $2 (35. f5 $1 $18 { , e.g. }
35... Qh6 36. Re8 Rxg6 37. fxg6) 35... Rxf8 $14 36. Rxb7 Qf5 37. Qe7 Qc2+
38. Kh3 Qf5+ 39. g4 Qf6 40. Qd7 Rf7 41. Qe8+ Rf8 42. Qd7 a3 43. bxa3 Qc3+
44. Kh4 Qf6+ 45. Kh3 Qc3+ 1/2-1/2

[Event "Irish Championship 2019"]
[Site "Dublin IRL"]
[Date "2019.08.08"]
[Round "6.12"]
[White "O'Gorman, Tom"]
[Black "Butler, Kevin C."]
[Result "1-0"]
[WhiteTitle "FM"]
[WhiteElo "2229"]
[BlackElo "2048"]
[WhiteICU "2208"]
[BlackICU "1966"]
[WhiteClub "Dun Laoghaire"]
[BlackClub "Phibsboro"]
[WhiteNationality "IRL"]
[BlackNationality "IRL"]
[WhiteFideId "2508249"]
[BlackFideId "2501538"]
[PlyCount "51"]
[Venue "Talbot Hotel, Stillorgan"]
[EventDate "2019.08.03"]

{ Event information: <a
href="http://www.irlchess.com/pairings_irlch2019.html">Tournament
report</a>. }

1. c4 Nf6 2. Nc3 e6 3. e4 d5 4. e5 d4 5. exf6 dxc3 6. bxc3 gxf6 7. d4 b6 8.
Qf3 c6 9. Bf4 Bb7 10. g3 Nd7 11. Bg2 Rc8 12. Qd1 e5 13. Be3 Qc7 14. Nf3 Rd8
15. O-O Nc5 16. Nh4 Ne6 17. Qf3 Be7 18. Nf5 h5 19. a4 Ba6 20. Qxc6+ Rd7 21.
Qxc7 Rxc7 22. d5 Bxc4 23. Rfd1 Bxd5 24. Bxd5 Rxc3 25. a5 Nc7 26. axb6 1-0

[Event "Irish Championship 2019"]
[Site "Dublin IRL"]
[Date "2019.08.08"]
[Round "6.13"]
[White "Haque, Mustakim-Ul"]
[Black "Wallace, Paul"]
[Result "0-1"]
[WhiteElo "1947"]
[BlackElo "2171"]
[WhiteICU "1918"]
[BlackICU "2159"]
[WhiteClub "Rathmines"]
[BlackClub "Kilkenny"]
[WhiteNationality "IRL"]
[BlackNationality "IRL"]
[WhiteFideId "2509334"]
[BlackFideId "2500892"]
[PlyCount "126"]
[Venue "Talbot Hotel, Stillorgan"]
[EventDate "2019.08.03"]

{ Event information: <a
href="http://www.irlchess.com/pairings_irlch2019.html">Tournament
report</a>. }

1. c4 g6 2. Nc3 Bg7 3. g3 d6 4. Bg2 Nf6 5. Rb1 a5 6. a3 O-O 7. b4 axb4 8.
axb4 Nc6 9. b5 Na5 10. d3 c5 11. Nf3 Ra7 12. O-O b6 13. Bd2 Bb7 14. e4 e6
15. Qe2 Re8 16. Rfe1 Nd7 17. Bg5 f6 18. Bf4 Nf8 19. h4 Bc8 20. Qd2 e5 21.
Bh6 Bg4 22. Nh2 Be6 23. Bf3 Qd7 24. g4 Bxh6 25. Qxh6 Qg7 26. Qxg7+ Kxg7 27.
Nf1 Nd7 28. Ne3 Nb7 29. Ned5 Ra3 30. Nc7 Re7 31. Rec1 Nf8 32. N7d5 Bxd5 33.
Nxd5 Re8 34. Be2 Nd7 35. Ra1 Rea8 36. Rxa3 Rxa3 37. Rc3 Ra2 38. Bf3 Nd8 39.
Nc7 Kf7 40. Kg2 Ne6 41. Nxe6 Kxe6 42. Rc1 Kf7 43. Re1 Nf8 44. Re2 Ra3 45.
Rd2 Ne6 46. Kf1 Nf4 47. Be2 Ra1+ 48. Bd1 h5 49. gxh5 Nxh5 50. f3 Nf4 51.
Kf2 Kg7 52. Kg3 Kh6 53. Bc2 Ra2 54. Rf2 Kh5 55. Rh2 Ra1 56. Kf2 Rc1 57. Ke3
Re1+ 58. Kd2 Rg1 59. Kc3 Rg2 60. Rh1 Ne2+ 61. Kb2 Nd4 62. Rc1 Kxh4 63. Kb1
Rxc2 0-1

[Event "Irish Championship 2019"]
[Site "Dublin IRL"]
[Date "2019.08.08"]
[Round "6.14"]
[White "McCarthy, Tim"]
[Black "Melaugh, Shane"]
[Result "0-1"]
[WhiteElo "2018"]
[BlackElo "2077"]
[WhiteICU "1964"]
[BlackICU "2108"]
[WhiteClub "St. Benildus"]
[BlackClub "Elm Mount"]
[WhiteNationality "IRL"]
[BlackNationality "IRL"]
[WhiteFideId "2500710"]
[BlackFideId "2509580"]
[PlyCount "104"]
[Venue "Talbot Hotel, Stillorgan"]
[EventDate "2019.08.03"]

{ Event information: <a
href="http://www.irlchess.com/pairings_irlch2019.html">Tournament
report</a>. }

1. e4 d6 2. d4 Nf6 3. Nc3 Nbd7 4. Nf3 e5 5. Bc4 Be7 6. O-O c6 7. Re1 h6 8.
a4 Qc7 9. Bf1 Nf8 10. b4 Bg4 11. d5 Ng6 12. h3 Bd7 13. Ra3 O-O 14. dxc6
bxc6 15. b5 d5 16. Rb3 d4 17. bxc6 Bxc6 18. Nb5 Qd7 19. c3 a6 20. Nxe5 Nxe5
21. cxd4 Ng6 22. Nc3 Bxa4 23. Nxa4 Qxa4 24. Qd3 Rfd8 25. d5 Bd6 26. Qb1 Re8
27. Be3 Qxe4 28. Bd3 Qxd5 29. Rd1 Qh5 30. Bf5 Bf8 31. Rb7 Ne7 32. Bc2 Ned5
33. Bd4 Re7 34. Rb8 Rxb8 35. Qxb8 Qe2 36. Qb1 Rc7 37. Bd3 Qe6 38. Re1 Qc6
39. Qa1 a5 40. Bb2 Bb4 41. Rc1 Qb7 42. Be5 Rxc1+ 43. Qxc1 Qe7 44. Qb2 Bd6
45. Bd4 Qe1+ 46. Bf1 Qb4 47. Qa1 a4 48. g3 a3 49. Bd3 Bc5 50. Be5 Qd2 51.
Qf1 Bxf2+ 52. Qxf2 Qxd3 0-1

[Event "Irish Championship 2019"]
[Site "Dublin IRL"]
[Date "2019.08.08"]
[Round "6.15"]
[White "Fox, Anthony"]
[Black "Murphy, Sean J."]
[Result "1/2-1/2"]
[WhiteElo "2020"]
[BlackElo "1875"]
[WhiteICU "1982"]
[BlackICU "1939"]
[WhiteClub "Dun Laoghaire"]
[BlackClub "Cork"]
[WhiteNationality "IRL"]
[BlackNationality "IRL"]
[WhiteFideId "2500736"]
[BlackFideId "2512742"]
[PlyCount "84"]
[Venue "Talbot Hotel, Stillorgan"]
[EventDate "2019.08.03"]
[BlackFullName "Murphy, Se&aacute;n J."]

{ Event information: <a
href="http://www.irlchess.com/pairings_irlch2019.html">Tournament
report</a>. }

1. e4 c5 2. Nc3 a6 3. a4 Nc6 4. g3 g6 5. Bg2 Bg7 6. d3 d6 7. Be3 e5 8. Nge2
Nge7 9. O-O O-O 10. f4 Nd4 11. Qd2 Be6 12. Rf2 d5 13. exd5 Nxd5 14. Nxd5
Bxd5 15. Nc3 Bxg2 16. Kxg2 b5 17. Raf1 b4 18. Nd1 Nf5 19. b3 Qd7 20. Re2
Nxe3+ 21. Qxe3 exf4 22. Qxf4 Rae8 23. Rfe1 Bd4 24. Rxe8 Rxe8 25. Rxe8+ Qxe8
26. Qe4 Qxe4+ 27. dxe4 Kg7 28. Kf3 Kf6 29. Ne3 Ke6 30. Nc4 f5 31. h3 g5 32.
exf5+ Kxf5 33. g4+ Ke6 34. Ke4 Bc3 35. Ne3 Bd4 36. Nd5 Be5 37. Nb6 Bc3 38.
Nd5 Be5 39. Ne7 Bd6 40. Nd5 Be5 41. Ne7 Bd6 42. Nf5 Be5 1/2-1/2

[Event "Irish Championship 2019"]
[Site "Dublin IRL"]
[Date "2019.08.08"]
[Round "6.16"]
[White "Flynn, Jacob"]
[Black "Kennedy, John P. A."]
[Result "0-1"]
[WhiteElo "1973"]
[BlackElo "2050"]
[WhiteICU "2028"]
[BlackICU "1981"]
[WhiteClub "Malahide"]
[BlackClub "Dublin"]
[WhiteNationality "IRL"]
[BlackNationality "IRL"]
[WhiteFideId "2509393"]
[BlackFideId "2501120"]
[PlyCount "56"]
[Venue "Talbot Hotel, Stillorgan"]
[EventDate "2019.08.03"]

{ Event information: <a
href="http://www.irlchess.com/pairings_irlch2019.html">Tournament
report</a>. }

1. d4 Nf6 2. c4 g6 3. Nc3 Bg7 4. Nf3 O-O 5. Bg5 d6 6. e3 Na6 7. Be2 c5 8.
d5 Nc7 9. Qc2 a6 10. a4 Rb8 11. a5 b5 12. axb6 Rxb6 13. Ra2 Bd7 14. O-O Qb8
15. h3 Qb7 16. Nd2 Nfxd5 17. cxd5 Nxd5 18. Bf3 Bc6 19. Nxd5 Bxd5 20. b3
Bxf3 21. gxf3 Qd5 22. Bxe7 Re8 23. Bh4 Qh5 24. Qc4 Rb4 25. Qd3 Rxh4 26. Ne4
Rexe4 27. fxe4 Rxh3 28. f3 Rh1+ 0-1

[Event "Irish Championship 2019"]
[Site "Dublin IRL"]
[Date "2019.08.08"]
[Round "6.17"]
[White "Moran, Darragh"]
[Black "Haque, Muhtarim-Ul"]
[Result "1/2-1/2"]
[WhiteElo "1847"]
[BlackElo "2036"]
[WhiteICU "1828"]
[BlackICU "2031"]
[WhiteClub "Gonzaga"]
[BlackClub "Rathmines"]
[WhiteNationality "IRL"]
[BlackNationality "IRL"]
[WhiteFideId "2510294"]
[BlackFideId "2509415"]
[PlyCount "64"]
[Venue "Talbot Hotel, Stillorgan"]
[EventDate "2019.08.03"]

{ Event information: <a
href="http://www.irlchess.com/pairings_irlch2019.html">Tournament
report</a>. }

1. d4 d5 2. Bf4 c5 3. e3 Nc6 4. Nc3 Nf6 5. Nb5 e5 6. Bxe5 Nxe5 7. dxe5 a6
8. Nc3 d4 9. exf6 dxc3 10. Qxd8+ Kxd8 11. fxg7 Bxg7 12. b3 Bf5 13. O-O-O+
Kc7 14. Bd3 Bxd3 15. Rxd3 Rhd8 16. Rxd8 Rxd8 17. Nf3 b5 18. Rd1 Rxd1+ 19.
Kxd1 Kb6 20. Ng5 Ka5 21. Nxf7 Kb4 22. f4 Ka3 23. e4 Kxa2 24. Kc1 c4 25.
bxc4 Bf8 26. cxb5 axb5 27. Ne5 b4 28. Nc4 Bc5 29. Kd1 b3 30. cxb3 Kb1 31.
Nd2+ Kb2 32. Nc4+ Kb1 1/2-1/2

[Event "Irish Championship 2019"]
[Site "Dublin IRL"]
[Date "2019.08.08"]
[Round "6.18"]
[White "Lyons, Brendan"]
[Black "Harding, Tim"]
[Result "1-0"]
[BlackTitle "CM"]
[WhiteElo "1967"]
[BlackElo "2028"]
[WhiteICU "1898"]
[BlackICU "1973"]
[WhiteClub "St. Benildus"]
[BlackClub "T.C.D."]
[WhiteNationality "IRL"]
[BlackNationality "IRL"]
[WhiteFideId "2500698"]
[BlackFideId "2500256"]
[PlyCount "105"]
[Venue "Talbot Hotel, Stillorgan"]
[EventDate "2019.08.03"]

{ Event information: <a
href="http://www.irlchess.com/pairings_irlch2019.html">Tournament
report</a>. }

1. e4 e5 2. Nf3 Nc6 3. Bc4 Bc5 4. c3 Nf6 5. d3 O-O 6. b4 Bb6 7. b5 Ng4 8.
O-O Na5 9. Bg5 Qe8 10. Nbd2 Kh8 11. h3 f6 12. Bh4 Nh6 13. g4 d6 14. Nh2 Bd7
15. a4 Nxc4 16. Nxc4 Qe6 17. Rb1 d5 18. Nxb6 axb6 19. f4 exf4 20. exd5 Qxd5
21. Rxf4 Rfe8 22. Rd4 Qe6 23. Qf3 c6 24. Bg3 Nf7 25. Re1 Ne5 26. Bxe5 fxe5
27. Rde4 Qd6 28. Qe3 cxb5 29. axb5 Bxb5 30. c4 Bc6 31. Rxe5 Rxe5 32. Qxe5
Qxd3 33. Rf1 Qxc4 34. Qe7 Qc5+ 35. Qxc5 bxc5 36. Rc1 b6 37. Rd1 Rb8 38. Rd6
Be4 39. Nf1 Kg8 40. Nd2 Bc2 41. Nc4 b5 42. Na3 Bb3 43. Kf2 b4 44. Nb1 Bc2
45. Nd2 b3 46. Rc6 Rb5 47. Nc4 Kf7 $4 48. Nd6+ Ke6 49. Nxb5+ Kd5 50. Rb6
Kc4 51. Ke3 b2 52. Kd2 Be4 53. Nd6+ 1-0

[Event "Irish Championship 2019"]
[Site "Dublin IRL"]
[Date "2019.08.08"]
[Round "6.19"]
[White "Cafolla, Peter"]
[Black "O'Gorman, Alice"]
[Result "1/2-1/2"]
[WhiteElo "1975"]
[BlackElo "1966"]
[WhiteICU "1959"]
[BlackICU "1869"]
[WhiteClub "Rathmines"]
[BlackClub "T.C.D."]
[WhiteNationality "IRL"]
[BlackNationality "IRL"]
[WhiteFideId "2500884"]
[BlackFideId "2508214"]
[PlyCount "97"]
[Venue "Talbot Hotel, Stillorgan"]
[EventDate "2019.08.03"]

{ Event information: <a
href="http://www.irlchess.com/pairings_irlch2019.html">Tournament
report</a>. }

1. e4 e5 2. Nc3 Nf6 3. Bc4 Nxe4 4. Qh5 Nd6 5. Qxe5+ Qe7 6. Qxe7+ Bxe7 7.
Bb3 Nf5 8. Nf3 c6 9. d4 d5 10. Bf4 Bd6 11. Bxd6 Nxd6 12. O-O-O O-O 13. Rhe1
h6 14. h3 Nd7 15. Ne5 Nxe5 16. dxe5 Ne8 17. Ne2 Nc7 18. Nf4 Ne6 19. Nd3 f6
20. c4 Nd4 21. cxd5 Nxb3+ 22. axb3 cxd5 23. exf6 Rxf6 24. Re8+ Rf8 25.
Rxf8+ Kxf8 26. Nf4 Bf5 27. Nxd5 b5 28. Ne3 Bg6 29. Rd5 a6 30. b4 Ke7 31.
Kd2 Rf8 32. Ke2 Ke6 33. Rd4 Rf7 34. f4 Rc7 35. g4 Bb1 36. Kd2 g6 37. Rd8
Rf7 38. Rd4 Rc7 39. h4 Rc8 40. Rd5 Rf8 41. Rd4 Rc8 42. Ke1 Rc7 43. Kf2 Rc6
44. Kf3 Ba2 45. Rd8 Kf6 46. Rd7 (46. f5 $18) 46... Bg8 47. Rd8 Ba2 48. Rh8
Kg7 49. Rd8 ({ Black claimed a draw by three-fold repetition: } { ( } 49.
Rd8 { ) } 49... Kf6 { repeats the position that arose after 45B and 47B. })
1/2-1/2

[Event "Irish Championship 2019"]
[Site "Dublin IRL"]
[Date "2019.08.09"]
[Round "7.1"]
[White "Murphy, Conor E."]
[Black "Lopez, Alex"]
[Result "1-0"]
[WhiteTitle "FM"]
[BlackTitle "IM"]
[WhiteElo "2315"]
[BlackElo "2431"]
[WhiteICU "2354"]
[BlackICU "2444"]
[WhiteClub "Charlton ENG"]
[BlackClub "Cork"]
[WhiteNationality "IRL"]
[BlackNationality "IRL"]
[WhiteFideId "421669"]
[BlackFideId "2501430"]
[PlyCount "61"]
[Venue "Talbot Hotel, Stillorgan"]
[EventDate "2019.08.03"]

{ Annotator: Alexander Baburin, <em>Sunday Independent</em>, August 18,
2019 p. 25. } { Reference: Jim Olney, <em>Irish Examiner</em>, August 17,
2019 p. 55. } { Event information: <a
href="http://www.irlchess.com/pairings_irlch2019.html">Tournament
report</a>. }

1. e4 c6 2. d4 d5 3. e5 Bf5 4. Nd2 e6 5. Nb3 Nd7 6. Nf3 h6 7. a4 Ne7 8. a5
a6 9. c3 g5 10. Be2 Ng6 11. O-O f6 ({ "Black is fighting for control of the
centre. After ( } 11... f6 { ) } 12. exf6 Qxf6 { he would have a great
position, but White was up to the task, putting Black's idea to the test:"
}) 12. Ne1 $1 { "White has found the Achilles heel in Black's
position&mdash;his light-squared bishop." } 12... Nf4 $4 ({ "This move
saves the bishop, but leaves Black's position in ruins. Black had to go for
} 12... fxe5 13. g4 Be4 14. f3 Bxf3 15. Bxf3 e4 { , with good compensation
fo a piece." }) 13. Bxf4 gxf4 14. Bd3 Qe7 15. Bxf5 exf5 16. Nd3 fxe5 17.
Nxf4 Rg8 18. Qh5+ Qf7 19. dxe5 Nxe5 20. Rae1 Bd6 21. Rxe5+ Bxe5 22. Re1
Qxh5 23. Rxe5+ Kf7 24. Nxh5 b6 25. Rxf5+ Ke7 26. Nd4 c5 27. Re5+ Kf8 28.
Nc6 Rg6 29. Rf5+ Ke8 30. Rf6 Rg5 31. axb6 1-0

[Event "Irish Championship 2019"]
[Site "Dublin IRL"]
[Date "2019.08.09"]
[Round "7.2"]
[White "Moran, Stephen"]
[Black "Collins, Sam"]
[Result "0-1"]
[BlackTitle "IM"]
[WhiteElo "2186"]
[BlackElo "2448"]
[WhiteICU "2151"]
[BlackICU "2422"]
[WhiteClub "T.C.D."]
[BlackClub "Gonzaga"]
[WhiteNationality "IRL"]
[BlackNationality "IRL"]
[WhiteFideId "2501872"]
[BlackFideId "2501198"]
[PlyCount "50"]
[Venue "Talbot Hotel, Stillorgan"]
[EventDate "2019.08.03"]

{ Event information: <a
href="http://www.irlchess.com/pairings_irlch2019.html">Tournament
report</a>. }

1. d4 Nf6 2. Bg5 e6 3. e4 h6 4. Bxf6 Qxf6 5. c3 c5 6. Nf3 cxd4 7. cxd4 Bb4+
8. Nc3 O-O 9. Bd3 d6 10. O-O Bxc3 11. bxc3 e5 12. Rb1 Nc6 13. Bc4 b6 14.
Bd5 Bd7 15. Qa4 Rac8 16. Bxc6 Bxc6 17. Qxa7 exd4 18. Nxd4 Bxe4 19. Rxb6
Rxc3 20. Ne2 Rc2 21. Ng3 Bd3 22. Rb8 Rxb8 23. Qxb8+ Kh7 24. Qb1 Qd4 25. Nh1
Rd2 0-1

[Event "Irish Championship 2019"]
[Site "Dublin IRL"]
[Date "2019.08.09"]
[Round "7.3"]
[White "Baburin, Alexander"]
[Black "O'Donnell, Conor"]
[Result "1/2-1/2"]
[WhiteTitle "GM"]
[BlackTitle "FM"]
[WhiteElo "2432"]
[BlackElo "2311"]
[WhiteICU "2396"]
[BlackICU "2298"]
[WhiteClub "Kilkenny"]
[BlackClub "Gonzaga"]
[WhiteNationality "IRL"]
[BlackNationality "IRL"]
[WhiteFideId "2500914"]
[BlackFideId "2504243"]
[PlyCount "62"]
[Venue "Talbot Hotel, Stillorgan"]
[EventDate "2019.08.03"]

{ Event information: <a
href="http://www.irlchess.com/pairings_irlch2019.html">Tournament
report</a>. }

1. d4 d5 2. c4 e6 3. Nf3 Nf6 4. g3 Bb4+ 5. Bd2 Be7 6. Bg2 c6 7. Qc2 O-O 8.
O-O b6 9. Bg5 Nbd7 10. Nbd2 Ba6 11. Rfd1 Rc8 12. Rac1 h6 13. Bxf6 Nxf6 14.
Ne5 Bb7 15. e4 dxc4 16. Ndxc4 b5 17. Ne3 Qb6 18. Qc3 c5 19. d5 Rfd8 20. b3
a6 21. h4 Bf8 22. Kh2 exd5 23. exd5 Re8 24. Nc6 Bxc6 25. dxc6 Ne4 26. Qc2
Qxc6 27. Nd5 Qg6 28. Nf4 Qh7 29. Re1 Nf6 30. Qxh7+ Kxh7 31. Bb7 Rxe1
1/2-1/2